000 01803cam a22002414a 4500
005 20250605164329.0
008 250528s ||||||||||||||||||||||||d
035 _a23173
020 _a9781119991953
040 _aGR-AtMCL
_bgre
_dGR-AtMCL
_eAACR2
245 1 _aForensic Psychology / Crime, Justice, Law, Interventions
250 _a2nd
260 _bBps Blackwell,
_c2012
300 _a450
520 _aThis book provides an up-to-date and comprehensive coverage of the subject which is broad enough to provide an insight into the wide range of topic areas, but detailed enough for readers to be able to gain a good grasp of the subject and importantly know where to go for more specific reading material. Introduction, The Causes of Crime, Psychological Approaches to Understanding Crime, Developmental and Psychological Theories of Offending, Contributions of Forensic Neuroscience, Effects of Interpersonal Crime on Victims, Investigating Crime, Eyewitness Evidence, Interviewing Vulnerable Witnesses, Interviewing Suspects, Detecting Deception, Offender Profiling and Crime Linkage, Intimate Partner Violence and Stalking, Terrorism, The Trial Process, Judicial Processes, Safeguarding Witnesses, Identification Evidence, Role of the Expert Witness, Dealing with Offenders, Crime and Punishment: What Works?, Risk Assessment and Offender Programs, Interventions with Dangerous Offenders, Interventions for Offenders with Intellectual Disabilities, Interventions with Mentally Disordered Offenders, Offender Rehabilitation: Good Lives and and Desistance and Risk Reduction, Glossary, Index.
700 1 _aBeech Anthony
_98750
700 1 _aDavies Graham
_98751
700 1 _aGudjionsson G.H
_98752
700 1 _aHaward L.R.C
_98753
942 _cBK
999 _c8203
_d8203